[Event "La Roda op 51st"]
[Site "La Roda"]
[Date "2025.04.15"]
[Round "1"]
[White "Silva, Reinaldo Joao David"]
[Black "Gonzalez Castillo, Jose Javier"]
[Result "0-1"]
[WhiteElo "1870"]
[BlackElo "2297"]
[PlyCount "48"]
[EventDate "2025.04.15"]
[EventType "swiss"]
[EventRounds "9"]
[EventCountry "ESP"]
[SourceTitle "CB17_2025"]
[SourceDate "2025.04.23"]
[SourceVersion "1"]
[SourceVersionDate "2025.04.23"]
[SourceQuality "1"]

1. Nf3 c5 2. b3 Nf6 3. Bb2 e6 4. e3 Be7 5. Be2 b6 6. 0-0 Bb7 7. d4 0-0 8. c4 cxd4 9. Nxd4 Qc8 10. Nd2 Rd8 11. a3 d6 12. Bf3 Nbd7 13. Qe2 Bxf3 14. gxf3 Nf8 15. f4 e5 16. Nb5 Ng6 17. fxe5 dxe5 18. Rad1 a6 19. Nc3 Nh4 20. Nde4 Qh3 21. Nxf6+ gxf6 22. Rxd8+ Rxd8 23. f3 Kh8 24. Kh1 Rd2 0-1

[Event "Leca da Palmeira op 3rd"]
[Site "Leca da Palmeira"]
[Date "2024.08.03"]
[Round "6"]
[White "Silva, Reinaldo Joao David"]
[Black "Briem, Benedikt"]
[Result "0-1"]
[WhiteElo "1811"]
[BlackElo "2148"]
[PlyCount "102"]
[EventDate "2024.07.31"]
[EventType "swiss"]
[EventRounds "9"]
[EventCountry "POR"]
[SourceTitle "EXT 2025"]
[Source "ChessBase"]
[SourceDate "2024.10.14"]
[SourceVersion "1"]
[SourceVersionDate "2024.10.14"]
[SourceQuality "1"]

1. Nf3 d5 2. g3 e6 3. Bg2 Nf6 4. 0-0 Bd6 5. d4 0-0 6. b3 h6 7. Bb2 b6 8. c4 Bb7 9. Nc3 a6 10. Qc2 Nbd7 11. cxd5 exd5 12. Rac1 Re8 13. Rfe1 Rc8 14. Nh4 Bf8 15. Qf5 g6 16. Qd3 Bg7 17. Bh3 c5 18. Na4 c4 19. bxc4 dxc4 20. Qd1 Rc7 21. Ba3 b5 22. Nc3 Bf8 23. Bxf8 Nxf8 24. Bg2 Bxg2 25. Nxg2 Rd7 26. e3 Ne6 27. Nh4 Nc5 28. Re2 Nd3 29. Rb1 Qa8 30. Rd2 Nd5 31. Rxd3 cxd3 32. Qxd3 Nxc3 33. Qxc3 Rc8 34. Qd3 Rdc7 35. e4 Rc1+ 36. Rxc1 Rxc1+ 37. Kg2 Qc6 38. Qe3 Qc4 39. Qxh6 Qf1+ 40. Kf3 Qd3+ 41. Qe3 Rc3 42. Kf4 Qxe3+ 43. fxe3 b4 44. d5 a5 45. e5 a4 46. d6 Kf8 47. Nf3 b3 48. axb3 axb3 49. Nd2 b2 50. Nb1 Rc1 51. Na3 Ra1 0-1

[Event "Leca da Palmeira op 3rd"]
[Site "Leca da Palmeira"]
[Date "2024.08.01"]
[Round "3"]
[White "Pettersson, Anders1"]
[Black "Silva, Reinaldo Joao David"]
[Result "1-0"]
[WhiteElo "2075"]
[BlackElo "1811"]
[PlyCount "114"]
[EventDate "2024.07.31"]
[EventType "swiss"]
[EventRounds "9"]
[EventCountry "POR"]
[SourceTitle "EXT 2025"]
[Source "ChessBase"]
[SourceDate "2024.10.14"]
[SourceVersion "1"]
[SourceVersionDate "2024.10.14"]
[SourceQuality "1"]

1. d4 Nf6 2. c4 e6 3. Bg5 d5 4. Nc3 c5 5. cxd5 cxd4 6. Qxd4 Nc6 7. Qa4 exd5 8. e3 Bb4 9. a3 Bxc3+ 10. bxc3 0-0 11. Bd3 Ne5 12. Bc2 h6 13. Bf4 Re8 14. Ne2 Nc4 15. Qb3 Nh5 16. Rd1 Bg4 17. Rd4 Bxe2 18. Kxe2 Nxf4+ 19. Rxf4 Qd6 20. Rd4 Qxa3 21. Rxd5 Qxb3 22. Bxb3 Nb6 23. Rd6 Rac8 24. Kd3 Red8 25. Rd4 Nd7 26. Bd5 Kf8 27. Ra1 a6 28. Kc2 Nc5 29. Bf3 b5 30. h4 Ke7 31. g4 Rd6 32. g5 hxg5 33. hxg5 Rxd4 34. exd4 Ne6 35. Bb7 Rc7 36. Bxa6 Nxd4+ 37. Kd3 Nf3 38. Bxb5 Nxg5 39. Ra8 Ne6 40. c4 Nc5+ 41. Kd4 Ne6+ 42. Ke4 g6 43. Kd3 Nc5+ 44. Kd4 Ne6+ 45. Kc3 Nc5 46. f3 Kf6 47. Re8 Kf5 48. Kd4 Kf4 49. Kd5 Ne6 50. Kd6 Ra7 51. Bc6 Ra2 52. Re7 Rd2+ 53. Bd5 Ng5 54. c5 f5 55. c6 Nxf3 56. c7 Rc2 57. Bb7 Rd2+ 1-0

[Event "Ponte de Lima op"]
[Site "Ponte de Lima"]
[Date "2024.04.16"]
[Round "9"]
[White "Silva, Reinaldo Joao David"]
[Black "Demirkol, Kerim Calvelo"]
[Result "1/2-1/2"]
[WhiteElo "1856"]
[BlackElo "1841"]
[PlyCount "37"]
[EventDate "2024.04.09"]
[EventType "swiss"]
[EventRounds "9"]
[EventCountry "POR"]
[SourceTitle "CBM 219 Extra"]
[Source "ChessBase"]
[SourceDate "2024.05.31"]
[SourceVersion "1"]
[SourceVersionDate "2024.05.31"]
[SourceQuality "1"]

1. d4 e6 2. c4 Nf6 3. g3 Bb4+ 4. Nd2 Qe7 5. a3 Bxd2+ 6. Bxd2 Nc6 7. Bf4 d6 8. Nf3 e5 9. dxe5 dxe5 10. Bc1 Be6 11. Qa4 0-0 12. Bg2 Rfd8 13. 0-0 e4 14. Ng5 Bg4 15. f3 Bh5 16. g4 Bg6 17. Bf4 Nd4 18. Rae1 Nc2 19. Rc1 1/2-1/2

[Event "Monsaraz op"]
[Site "Monsaraz"]
[Date "2023.11.28"]
[Round "9"]
[White "Meuter, Alain"]
[Black "Silva, Reinaldo Joao David"]
[Result "0-1"]
[WhiteElo "1387"]
[BlackElo "1755"]
[PlyCount "152"]
[EventDate "2023.11.21"]
[EventType "swiss"]
[EventRounds "9"]
[EventCountry "POR"]
[SourceTitle "CBM 217 Extra"]
[Source "ChessBase"]
[SourceDate "2024.01.31"]
[SourceVersion "1"]
[SourceVersionDate "2024.01.31"]
[SourceQuality "1"]

1. e4 d5 2. exd5 Qxd5 3. d4 Nc6 4. Nf3 e5 5. c3 Bg4 6. Nbd2 0-0-0 7. Bc4 Bxf3 8. Bxd5 Bxd1 9. Bxc6 Bc2 10. Be4 Bxe4 11. Nxe4 exd4 12. Ng5 Nh6 13. cxd4 Bb4+ 14. Ke2 Rxd4 15. Be3 Re8 16. Rhd1 Rxd1 17. Rxd1 Bc5 18. Rd5 Bxe3 19. fxe3 f6 20. Nf3 g6 21. h3 Nf5 22. Rd3 Ng3+ 23. Kf2 Ne4+ 24. Ke2 f5 25. g4 c5 26. gxf5 gxf5 27. Nh4 Rf8 28. Kf3 Ng5+ 29. Kg3 Ne6 30. Rd5 Rg8+ 31. Kf2 f4 32. exf4 Nxf4 33. Rxc5+ Kd7 34. Rc3 Rf8 35. Ke1 Re8+ 36. Kf2 Rf8 37. Ke1 a5 38. a4 Kd6 39. Kd2 Nd5 40. Rf3 Rxf3 41. Nxf3 Kc5 42. Kc2 Kb4 43. b3 Ne3+ 44. Kb2 Nf5 45. Kc2 h6 46. Kb2 h5 47. Kc2 Kc5 48. Kc3 Ne3 49. Ne5 Nd5+ 50. Kd3 Nf4+ 51. Kc3 Nxh3 52. Nd3+ Kd5 53. b4 b6 54. bxa5 bxa5 55. Nc1 Nf4 56. Nb3 h4 57. Nd2 h3 58. Nf3 Ne2+ 59. Kd3 Ng3 60. Ke3 Nf5+ 61. Kf2 Kc4 62. Ne5+ Kc5 63. Kg1 Nd4 64. Kh2 Kb4 65. Nd3+ Kxa4 66. Kxh3 Kb3 67. Kg3 Kc3 68. Nc5 Kc4 69. Na4 Kb4 70. Nb2 Kb3 71. Nd3 Ne6 72. Kf2 a4 73. Ke1 a3 74. Nc1+ Kc2 75. Na2 Nf4 76. Nb4+ Kb3 0-1

[Event "POR-ch Seniors 50"]
[Site "Peniche"]
[Date "2023.06.09"]
[Round "4"]
[White "Reis, Luis Simoes"]
[Black "Silva, Reinaldo Joao David"]
[Result "1/2-1/2"]
[WhiteElo "1774"]
[BlackElo "1772"]
[PlyCount "54"]
[EventDate "2023.06.06"]
[EventType "swiss"]
[EventRounds "5"]
[EventCountry "POR"]
[SourceTitle "CBM 214 Extra"]
[Source "ChessBase"]
[SourceDate "2023.07.31"]
[SourceVersion "1"]
[SourceVersionDate "2023.07.31"]
[SourceQuality "1"]

1. d4 Nf6 2. Nf3 c6 3. Bf4 Qb6 4. b3 d6 5. e3 Bf5 6. Bd3 Bg6 7. 0-0 Nbd7 8. c4 Nh5 9. Nc3 Nxf4 10. exf4 Bh5 11. Be2 g6 12. d5 Bg7 13. Rc1 0-0 14. Re1 Nc5 15. h3 Bxf3 16. Bxf3 Rfe8 17. g3 Rad8 18. Kg2 e5 19. dxe6 Nxe6 20. Ne2 Nd4 21. Nxd4 Rxe1 22. Qxe1 Bxd4 23. Rc2 a5 24. h4 Kg7 25. Re2 Rd7 26. Qd2 c5 27. Qc2 Qb4 1/2-1/2

[Event "Portuguese Honra"]
[Site "Lisbon"]
[Date "2022.12.20"]
[Round "6"]
[White "Silva, Reinaldo Joao David"]
[Black "Hansson, Markus"]
[Result "1-0"]
[WhiteElo "1780"]
[BlackElo "1764"]
[PlyCount "63"]
[EventDate "2022.12.16"]
[EventType "tourn"]
[EventRounds "9"]
[EventCountry "POR"]
[SourceTitle "CBM 211 Extra"]
[Source "ChessBase"]
[SourceDate "2023.01.31"]
[SourceVersion "1"]
[SourceVersionDate "2023.01.31"]
[SourceQuality "1"]

1. Nf3 Nf6 2. b3 d5 3. e3 Bf5 4. d4 e6 5. Bd3 Bxd3 6. Qxd3 Be7 7. Qb5+ Nfd7 8. a3 b6 9. Bb2 0-0 10. Nbd2 a6 11. Qd3 c5 12. c4 cxd4 13. exd4 dxc4 14. bxc4 Nc6 15. 0-0 Bf6 16. Ne4 Be7 17. d5 exd5 18. cxd5 Na5 19. d6 Bf6 20. Nxf6+ gxf6 21. Rfe1 Re8 22. Rxe8+ Qxe8 23. Re1 Qf8 24. Re4 Rc8 25. Rg4+ Kh8 26. h3 Rc5 27. Ng5 Rxg5 28. Rxg5 Ne5 29. Bxe5 fxe5 30. Rxe5 Nb7 31. d7 Nd6 32. Rd5 1-0

[Event "Portuguese Honra"]
[Site "Lisbon"]
[Date "2022.12.18"]
[Round "3"]
[White "Silva, Reinaldo Joao David"]
[Black "Morais, Vitor Mestre"]
[Result "1/2-1/2"]
[WhiteElo "1780"]
[BlackElo "1760"]
[PlyCount "64"]
[EventDate "2022.12.16"]
[EventType "tourn"]
[EventRounds "9"]
[EventCountry "POR"]
[SourceTitle "CBM 211 Extra"]
[Source "ChessBase"]
[SourceDate "2023.01.31"]
[SourceVersion "1"]
[SourceVersionDate "2023.01.31"]
[SourceQuality "1"]

1. Nf3 Nf6 2. d4 e6 3. g3 b6 4. Bg2 Bb7 5. 0-0 Be7 6. c4 0-0 7. Nc3 Ne4 8. d5 Nxc3 9. bxc3 Na6 10. Nd4 Nc5 11. Ba3 e5 12. Nf5 d6 13. Bxc5 bxc5 14. Rb1 Bc8 15. Nxe7+ Qxe7 16. Qa4 Qd7 17. Qa5 f5 18. Rb2 f4 19. Rfb1 Qf7 20. Rf1 g5 21. f3 h5 22. e4 Qg7 23. Qa4 a6 24. Qd1 g4 25. Kh1 fxg3 26. hxg3 gxf3 27. Bxf3 Bg4 28. Rbf2 Bh3 29. Rg1 Bg4 30. Rgf1 Bh3 31. Rg1 Bg4 32. Rgf1 Bh3 1/2-1/2

[Event "Portuguese Honra"]
[Site "Lisbon"]
[Date "2022.12.16"]
[Round "1"]
[White "Silva, Reinaldo Joao David"]
[Black "Santos, Isabel Pereira Dos"]
[Result "1-0"]
[WhiteElo "1780"]
[BlackElo "1735"]
[PlyCount "85"]
[EventDate "2022.12.16"]
[EventType "tourn"]
[EventRounds "9"]
[EventCountry "POR"]
[SourceTitle "CBM 211 Extra"]
[Source "ChessBase"]
[SourceDate "2023.01.31"]
[SourceVersion "1"]
[SourceVersionDate "2023.01.31"]
[SourceQuality "1"]

1. Nf3 d5 2. d4 c6 3. g3 Nf6 4. Bg2 e6 5. 0-0 Bd6 6. b3 0-0 7. Bb2 Nbd7 8. c4 b6 9. Nbd2 Bb7 10. Rc1 c5 11. e3 Qe7 12. Ne5 Rac8 13. Nxd7 Nxd7 14. Re1 cxd4 15. exd4 Nf6 16. Nb1 Rfd8 17. a3 Qd7 18. Qd3 Ba6 19. Nd2 Rc7 20. Qe3 Qc8 21. cxd5 exd5 22. Rxc7 Qxc7 23. Rc1 Qd7 24. Nf3 Re8 25. Ne5 Qe7 26. Qc3 h6 27. b4 Bb7 28. Re1 Nd7 29. Nd3 Qd8 30. Ne5 Nf6 31. h3 Qb8 32. Qb3 Qc7 33. Kh2 Nd7 34. Bxd5 Bxd5 35. Qxd5 Qc2 36. Qxf7+ Kh7 37. Rc1 Nxe5 38. dxe5 Qxb2 39. exd6 Rd8 40. Re1 Qd4 41. Re7 Rxd6 42. Qf5+ Rg6 43. Re6 1-0

[Event "Pombal op 13th"]
[Site "Pombal"]
[Date "2022.10.05"]
[Round "2"]
[White "Silva, Reinaldo Joao David"]
[Black "Khamrakulov, Ibragim S"]
[Result "0-1"]
[WhiteElo "1775"]
[BlackElo "2421"]
[PlyCount "58"]
[EventDate "2022.09.28"]
[EventType "swiss"]
[EventRounds "9"]
[EventCountry "POR"]
[SourceTitle "EXT 2024"]
[Source "ChessBase"]
[SourceDate "2023.10.10"]
[SourceVersion "1"]
[SourceVersionDate "2023.10.10"]
[SourceQuality "1"]

1. Nf3 c5 2. e3 g6 3. c4 Nf6 4. b3 Bg7 5. Bb2 0-0 6. d4 d5 7. Be2 Qa5+ 8. Bc3 Qc7 9. 0-0 Rd8 10. Qc1 dxc4 11. Bxc4 Ne4 12. Bb2 Nc6 13. Nc3 Nxc3 14. Bxc3 cxd4 15. Nxd4 Ne5 16. Nb5 Qc6 17. Nd4 Qc5 18. Be2 Bg4 19. Bxg4 Nxg4 20. h3 Rac8 21. hxg4 Qxc3 22. Qa3 e5 23. Rac1 exd4 24. Rxc3 dxc3 25. Kh2 c2 26. Rc1 Rd1 27. Rxc2 Rxc2 28. Qxa7 Rxf2 29. a4 Be5+ 0-1

[Event "Leca da Palmeira op 1st"]
[Site "Leca da Palmeira"]
[Date "2022.07.31"]
[Round "1"]
[White "Perez Candelario, Manuel"]
[Black "Silva, Reinaldo Joao David"]
[Result "1-0"]
[WhiteElo "2578"]
[BlackElo "1810"]
[PlyCount "75"]
[EventDate "2022.07.31"]
[EventType "swiss"]
[EventRounds "9"]
[EventCountry "POR"]
[SourceTitle "CBM 209 Extra"]
[Source "ChessBase"]
[SourceDate "2022.09.30"]
[SourceVersion "1"]
[SourceVersionDate "2022.09.30"]
[SourceQuality "1"]

1. Nf3 Nf6 2. g3 g6 3. b3 Bg7 4. Bb2 c5 5. c4 d6 6. Bg2 Na6 7. 0-0 0-0 8. Nc3 Nc7 9. Rc1 Rb8 10. d4 cxd4 11. Nxd4 Nd7 12. Qd2 Nc5 13. Rfd1 Bd7 14. h3 N5e6 15. Nxe6 Nxe6 16. h4 Bc6 17. Nd5 Bxb2 18. Qxb2 Bxd5 19. Bxd5 Qb6 20. h5 Ng7 21. hxg6 hxg6 22. Kg2 e6 23. Bf3 f6 24. Rd3 Rf7 25. Rh1 Ne8 26. Re3 Nc7 27. Re4 Kg7 28. Reh4 Rg8 29. Qd2 Kf8 30. Rh8 Rfg7 31. R1h7 g5 32. Qd3 f5 33. g4 f4 34. Qc3 e5 35. Qd3 Rxh7 36. Rxh7 Rg7 37. Qf5+ Kg8 38. Rh6 1-0